00347nam a2200097Ia 4500008004100000100001700041245009700058260006700155546001200222700001500234220512s9999 xx 000 0 eng d aDhak, Bilap  0aInternational Migration from Gujarat : an exploratory analysis /cDhak, Bilap and Shah Amita aAhemdabad :bGujrat Institute of Development Research,cSep-11 aEnglish aShah Amita